Journal de Nijinsky / (Record no. 173328)

MARC details
000 -LEADER
campo de control de longitud fija 00653nam a2200193 4500
001 - NÚMERO DE CONTROL
campo de control 173328
003 - IDENTIFICADOR DE NÚMERO DE CONTROL
campo de control ES-MaACL
005 - FECHA Y HORA DE LA ÚLTIMA TRANSACCIÓN
campo de control 20230906215219.0
008 - DATOS DE LONGITUD FIJA--INFORMACIÓN GENERAL
campo de control de longitud fija 091125s1975 fr |||| | fre d
080 ## - NÚMERO DE LA CLASIFICACIÓN DECIMAL UNIVERSAL
Número de la Clasificación Decimal Universal 929 Nizhinskiï, Vatslav Fomich
080 ## - NÚMERO DE LA CLASIFICACIÓN DECIMAL UNIVERSAL
Número de la Clasificación Decimal Universal 792.8 Nizhinskiï, Vatslav Fomich
100 1# - ENTRADA PRINCIPAL--NOMBRE DE PERSONA
Nombre de persona Nijinsky, Vatzlav Fómich.
9 (RLIN) 85740
245 10 - MENCIÓN DEL TÍTULO
Título Journal de Nijinsky /
Mención de responsabilidad, etc. traduit [du manuscrit russe] et préfacé par G. S. Solpray.
260 ## - PUBLICACIÓN, DISTRIBUCIÓN, ETC.
Lugar de publicación, distribución, etc. [Paris] :
Nombre del editor, distribuidor, etc. Gallimard,
Fecha de publicación, distribución, etc. 1975.
300 ## - DESCRIPCIÓN FÍSICA
Extensión 277 p., [8] p. de fot. ;
Dimensiones 21 cm.
600 17 - PUNTO DE ACCESO ADICIONAL DE MATERIA--NOMBRE DE PERSONA
Nombre de persona Nijinsky, Vatzlav Fómich.
9 (RLIN) 85740
700 1# - ENTRADA AGREGADA--NOMBRE PERSONAL
Nombre de persona Solpray, Georges S.
9 (RLIN) 141624
852 4# - LOCALIZACIÓN
Ubicación ES-MaACL
Número de control de estantería E-13231
Holdings
Estatus retirado Estado de pérdida Estado de daño No para préstamo Biblioteca de origen Biblioteca actual Ubicación en estantería Fecha de adquisición Fuente de adquisición Total de préstamos Signatura topográfica completa Código de barras Visto por última vez Precio de reemplazo Tipo de ítem Koha
        Biblioteca del Ateneo de Madrid Biblioteca del Ateneo de Madrid Depósito 2 25/11/2009     E-13231 1181900 23/02/2023 23/02/2023 Libro impreso